000 00821nas a2200277 4500
001 BR9201263
003 BR-BrBNA
005 20231205092357.0
007 ta
008 230509b bl.|||p| |||| 00| 00por d
040 _aBR-BrBNA
_bpor
_cBiblioteca Nacional de Agricultura
041 _a(Pt)
072 _aL10
100 1 _aOliveira, D.A.A.
100 1 _aPinheiro, L.E.L.
100 1 _aMiranda, J.
245 1 _aAnomalias cromossomicas em rebanhos multiplicadores de suinos
650 _aSUÍNO
650 _aCROMOSSOMA
650 _aDISTURBIO ANIMAL
650 _aSELECAO GENETICA
650 _aFERTILIDADE ANIMAL
773 0 _tRevista Brasileira de Reproducao Animal (Brazil)
_xISSN 0102-0803
_g(1989), v. 13(4) p. 239-245
_wBR9201263
909 _a202311
_bLúcia
_c55
_dLúcia Elande
942 _2AGRIS
_n0
_cANA
999 _c131288
_d131288